00466nam a22001457a 4500008004100000020001500041050002000056100002200076245007900098260003400177300002800211500002000239650004100259700002000300160927b xxu||||| |||| 00| 0 eng d a0070321779 aQA 34 .S56 1989 aShearer, Edwin M. aShearer's Manual of Human Dissection/cEdwin M. Shearer and John J. Jacobs aNew York:bMcGraw Hill,c1989 axxviii, 288p. :bill. : aIncludes index. aHuman dissectionxHandbooks, manuals aJacobs, John J.